000 00299nam a22001337a 4500
008 170127b xxu||||| |||| 00| 0 eng d
020 _a9780702025310
041 _aeng
080 _221ST
_a61
100 _a3
101 _aSHM
245 _aHIUTCHISON'S CLINICAL METHODS
_cSWASH, M
942 _2udc
_cBK
999 _c3831
_d3831